Založenie podniku so zameraním sa na oblasť nových životných trendov bakalárska práca

Salvato in:
Dettagli Bibliografici
Autore principale: Stašek, Miroslav Erik
Ente Autore: Fakulta podnikového manažmentu EU. Katedra podnikovohospodárska
Altri autori: Deáková, Stanislava, 1974-
Natura: Libro
Lingua:slovacco
Pubblicazione: Bratislava 2018
Tags: Aggiungi Tag
Nessun Tag, puoi essere il primo ad aggiungerne!!

MARC

LEADER 00000nbm a2200000 4500
001 0244787
005 20181009112546.4
041 0 |a slo 
044 |a SK 
245 1 0 |a Založenie podniku so zameraním sa na oblasť nových životných trendov  |b bakalárska práca  |c Miroslav Erik Stašek ; školiteľ: Stanislava Deáková 
264 1 |a Bratislava  |c 2018 
300 |a 46 s. 
100 1 |a Stašek, Miroslav Erik 
700 1 |a Deáková, Stanislava, 1974- 
710 2 |a Fakulta podnikového manažmentu EU. Katedra podnikovohospodárska